Konateľ spoločnosti s ručením obmedzeným, vykonávajúcej činnosť samostatného finančného agenta (vybrané právne aspekty použitia informácií z pracovného e-mailu)

Individuálny právny akt, ktorý predstavuje výsledok procesu aplikácie práva, rozhodujúci o právach a povinnostiach, resp. o ich autoritatívnom potvrdení. Poznávanie judikatúry, zisťovanie obsahu príslušných súdnych rozhodnutí, ktoré boli rozložené na jednotlivé prvky a následne relevantné časti synt...

Descrizione completa

Salvato in:
Dettagli Bibliografici
Autore principale: Slezáková, Andrea, 1980-
Natura: Capitolo di libro
Lingua:slovacco
Soggetti:
Tags: Aggiungi Tag
Nessun Tag, puoi essere il primo ad aggiungerne!!

MARC

LEADER 00000naa a2200000 4500
001 0271474
005 20240502074256.1
041 0 |a slo 
044 |a SK 
245 1 0 |a Konateľ spoločnosti s ručením obmedzeným, vykonávajúcej činnosť samostatného finančného agenta (vybrané právne aspekty použitia informácií z pracovného e-mailu)  |c Andrea Slezáková 
520 |a Individuálny právny akt, ktorý predstavuje výsledok procesu aplikácie práva, rozhodujúci o právach a povinnostiach, resp. o ich autoritatívnom potvrdení. Poznávanie judikatúry, zisťovanie obsahu príslušných súdnych rozhodnutí, ktoré boli rozložené na jednotlivé prvky a následne relevantné časti syntézou zložené do celku. 
610 2 0 |a spoločnosti s r.o. 
610 2 0 |a konatelia 
610 2 0 |a právo 
610 2 0 |a legislatíva 
610 2 0 |a komunikácia elektronická 
100 1 |a Slezáková, Andrea, 1980-